000 00331nam a22001217a 4500
003 SGT
082 _a891.4309
_bY08D
100 _a दयानन्द, महर्षि
245 _a यदुवंश सहाय
260 _bलोकभारती पेपरबैक्स
_c2008
300 _a348
942 _2ddc
_cBK
999 _c31848
_d31848